Регионална библиотека "Любен Каравелов" - Русе

Билки и билкосъбиране (Запис номер 57709)

MARC детайли
000 -Лидер
Контролно поле с фиксирана дължина 02393nam a2200445 c 4500
003 - Код на организацията, давaща контролен номер
Контролно поле BLK
005 - Дата и час на последна редакция
Контролно поле 20210517133607.0
008 - Елементи от данни с фиксирана дължина
fixed length control field 180408b bul|||||r ||||||| ||bul||
010 ## - Наследен системен номер
LC control number KNG00061717000
040 ## - Източник на каталожния запис
Идентификатор на билиотеката - собственик на записа BLK
041 ## - Код за език
Код за езика на текст/звукозапис или на отделно заглавие Български
Код за езика КДБФ Български
080 ## - УДК
Текстов определител УДК Лекарствени растения
УДК код - определител по УДК 633.88
УДК определител (035)
УДК - код + определител 633.88(035)
080 ## - УДК
Текстов определител УДК Лекарствени средства от растителен произход. Подразделя се със знак за отношение :582; :633/635; :665.3
УДК код - определител по УДК 615.322
УДК определител (035)
УДК - код + определител 615.322(035)
100 1# - Редна дума - Автор
Автор Топалов, Венелин Дончев
Авторска отговорност първи автор
R(LIN) 287808
139 ## - Редно поле
Редна дума Топалов, Венелин Дончев и др.
Авторски знак Топ - Т 74
245 10 - Сведения за заглавието
Заглавие Билки и билкосъбиране
Подзаглавни данни Ръководство
Редно поле (дума) Венелин Дончев Топалов; съавт. Младен Гаврилов; съавт. Йордан Кръстев Янкулов; ред. Венелин Топалов.
257 ## - Страна на издаване
Страна на създаване/издаване България
260 ## - Област на издателските данни
-- Пловдив
Име на издателя, разпространителя и проч. Христо Г. Данов
Година на издаване 1983
Печатница София : печ. Г. Димитров
300 ## - Физическа характеристика
Страници 384 с.
Илюстрации и др. с ил., 16 л. цв. ил.
Размери/Мащаб 22 см
380 ## - Жанр
Жанр Селско стопанство
500 ## - Общи забележки
Забележка Авт. не са отбелязани на кор. - 50 100 тир. - Азб. указатели на бълг. наименования на лечебните растения и на науч. наименования на лечебните растения. - Пълното име на втория авт. е Младен Гаврилов Младенов
650 #4 - Допълнително описание по предмет – тема
Основно описание – тема или топоним Растения, лечебни
9 (RLIN) 287041
650 #4 - Допълнително описание по предмет – тема
Основно описание – тема или топоним Билкарство
9 (RLIN) 148642
650 #4 - Допълнително описание по предмет – тема
Основно описание – тема или топоним Медицински растения - наръчници и ръководства
9 (RLIN) 251135
653 ## - Ключова дума – ненормативна
Ключова дума фитотерапия
653 ## - Ключова дума – ненормативна
Ключова дума лекарствени растения
653 ## - Ключова дума – ненормативна
Ключова дума билкарство
653 ## - Ключова дума – ненормативна
Ключова дума билки
653 ## - Ключова дума – ненормативна
Ключова дума медицински растения
653 ## - Ключова дума – ненормативна
Ключова дума наръчници
653 ## - Ключова дума – ненормативна
Ключова дума ръководства
700 1# - Други автори (авторска отговорност)
Лично име Гаврилов, Младен
Автороска отговорност (Описва отношението между автора и произведението) съавт.
9 (RLIN) 287809
700 1# - Други автори (авторска отговорност)
Лично име Янкулов, Йордан Кръстев
Автороска отговорност (Описва отношението между автора и произведението) съавт.
9 (RLIN) 369575
700 1# - Други автори (авторска отговорност)
Лично име Топалов, Венелин
Автороска отговорност (Описва отношението между автора и произведението) ред.
9 (RLIN) 287810
852 ## - Местоположение
Форматна сигнатура Цб 123077
856 4# - Електронен адрес и достъп
Електронен формат pdf - файл
Път до файла /url/
856 4# - Електронен адрес и достъп
Електронен формат pdf - файл
Път до файла /url/
942 ## - АРТИКУЛИ
Вид на библиотечния материал Книги
Скрит в OPAC Не
Koha issues (borrowed), all copies 4
944 ## - СЪЗДАВАНЕ И РЕДАКЦИЯ на ЗАПИСА
Създаване/Редакция Създаване
Дата на регистрацията/редакция 13.06.2004
Статус, дата на статуса ф /
Служител, извършил регистрацията/редакцията Людмила_Стоянова
944 ## - СЪЗДАВАНЕ И РЕДАКЦИЯ на ЗАПИСА
Създаване/Редакция Редакция
Дата на регистрацията/редакция 22.08.2011
Статус, дата на статуса ф /
Служител, извършил регистрацията/редакцията
999 ## - СИСТЕМНИ КОНТРОЛНИ НОМЕРА
Koha biblionumber 57709
Koha biblioitemnumber 57709
Наличности
Код за отписване Код за изгубен артикул Източник на класификационната схема Код за повреда Коз за рестрикции Код за отдаване Артикулен № Име на библиотеката - собственик Име на библиотеката, в която се намира в момента Статус (Текущо местоположение) Дата на вписване в системата Местоположение - отдел Цена в лева Инвентарен номер Систематично азбучна сигнатура Баркод Номер на екземпляра Цена в евро Служебна бележка Служебен тип на артикула
  Не е изгубен Universal Decimal Classification Не е повреден без рестрикции ползва се в читалня 94013 Регионална библиотека "Любен Каравелов" Русе Регионална библиотека "Любен Каравелов" Русе Читалня 1983-01-01 Читалня 3.31 383741 Ч 633/Т 74 120000383741 1 1.69 Дост: Pk Вид: Ф N: стар фонд Дата: 01.01.1983 Дата инв: 20.03.2017 Бележки инв: Ч2017 Книги
  Не е изгубен   Не е повреден без рестрикции заемане за дома 94014 Регионална библиотека "Любен Каравелов" Русе Регионална библиотека "Любен Каравелов" Русе Заемна - подръчен фонд 2008-02-28 Заемна - подръчен фонд 5.50 120000724007 П 633/Т 74 120000724007 2 2.81 Дост: Ak Вид: Г N: 5 Дата: 28.02.2008 Дата инв: 06.02.2018 Бележки инв: П2018 Книги
  Не е изгубен Universal Decimal Classification Не е повреден без рестрикции заемане за дома 94015 Регионална библиотека "Любен Каравелов" Русе Регионална библиотека "Любен Каравелов" Русе Заемна - подръчен фонд 1983-01-01 Заемна - подръчен фонд 3.31 383734 П 633/Т 74 120000383734 3 1.69 Дост: Pk Вид: Ф N: стар фонд Дата: 01.01.1983 Дата инв: 19.03.2018 Бележки инв: П2018 Книги
Изтеглен Не е изгубен Universal Decimal Classification Не е повреден без рестрикции заемане за дома 94016 Регионална библиотека "Любен Каравелов" Русе Регионална библиотека "Любен Каравелов" Русе Заемна - подръчен фонд 1983-01-01 Заемна - подръчен фонд 3.31 383738 П 633/Т 74 383738 4 1.69 Дост: Pk Вид: Ф N: стар фонд Дата: 01.01.1983 Книги
Изтеглен Не е изгубен Universal Decimal Classification Не е повреден без рестрикции заемане за дома 94017 Регионална библиотека "Любен Каравелов" Русе Регионална библиотека "Любен Каравелов" Русе Заемна - подръчен фонд 1983-01-01 Заемна - подръчен фонд 3.31 383740 П 633/Т 74 383740 5 1.69 Дост: Pk Вид: Ф N: стар фонд Дата: 01.01.1983 Книги
Изтеглен Не е изгубен Universal Decimal Classification Не е повреден без рестрикции заемане за дома 94018 Регионална библиотека "Любен Каравелов" Русе Регионална библиотека "Любен Каравелов" Русе Заемна - подръчен фонд 1983-01-01 Заемна - подръчен фонд 5.50 634638 П 633/Т 74 634638 6 2.81 Дост: Pk Вид: Ф N: стар фонд Дата: 01.01.1983 Книги
  Не е изгубен Universal Decimal Classification Не е повреден без рестрикции ползва се в читалня 94019 Регионална библиотека "Любен Каравелов" Русе Регионална библиотека "Любен Каравелов" Русе Хранилище 1983-01-01 Хранилище 3.31 384257 Цб 123077 900000011192 7 1.69 Дост: Dp Вид: Д N: стар фонд Дата: 01.01.1983 Книги
Изтеглен Не е изгубен Universal Decimal Classification Не е повреден без рестрикции заемане за дома 94020 Регионална библиотека "Любен Каравелов" Русе Регионална библиотека "Любен Каравелов" Русе Заемна - подръчен фонд 2011-06-29 Заемна - подръчен фонд 5.50 120000751615 П 633/Т 74 120000751615 8 2.81 Дост: DA Вид: А N: 10 Дата: 29.06.2011 Дата инв: 16.02.2018 Бележки инв: П2018 Книги
Vip Innovations Ltd, Rousse, Bulgaria 2025